|
|
|
|
| LEADER |
00000nam0a2200000 4500 |
| 001 |
347279 |
| 005 |
20231102005959.0 |
| 035 |
|
|
|a (RuTPU)RU\TPU\book\379164
|
| 090 |
|
|
|a 347279
|
| 100 |
|
|
|a 20220311d2021 k y0rusy50 ca
|
| 101 |
0 |
|
|a rus
|
| 102 |
|
|
|a RU
|
| 105 |
|
|
|a a dm 001zy
|
| 200 |
1 |
|
|a Разработка биорезорбируемых композиционных материалов и технологии их получения
|e автореферат диссертации на соискание ученой степени кандидата технических наук
|e спец. 05.17.11
|f Н. Е. Торопков
|g Национальный исследовательский Томский политехнический университет ; науч. рук. Т. С. Петровская
|
| 210 |
|
|
|a Томск
|c [Б. и.]
|d 2021
|
| 215 |
|
|
|a 22 с.
|c ил.
|
| 300 |
|
|
|a Защита сост. 21.12.2021 г.
|
| 320 |
|
|
|a Библиогр.: с. 22 (10 назв.)
|
| 452 |
|
1 |
|0 (RuTPU)RU\TPU\retro\21532
|t Разработка биорезорбируемых композиционных материалов и технологии их получения
|o автореферат диссертации на соискание ученой степени кандидата технических наук
|o спец. 05.17.11
|f Н. Е. Торопков
|g Национальный исследовательский Томский политехнический университет ; науч. рук. Т. С. Петровская
|c Томск
|d 2021
|a Торопков, Никита Евгеньевич
|
| 606 |
1 |
|
|a Кальций, соединения
|x Химическая технология
|2 stltpush
|3 (RuTPU)RU\TPU\subj\80378
|9 88103
|
| 610 |
1 |
|
|a костные имплантаты
|
| 610 |
1 |
|
|a биоматериалы
|
| 610 |
1 |
|
|a фосфаты кальция
|
| 610 |
1 |
|
|a синтез
|
| 610 |
1 |
|
|a композиционные материалы
|
| 610 |
1 |
|
|a состав
|
| 610 |
1 |
|
|a изделия
|
| 610 |
1 |
|
|a 3D-печать
|
| 610 |
1 |
|
|a биокомпозиты
|
| 610 |
1 |
|
|a биоактивные свойства
|
| 610 |
1 |
|
|a авторефераты диссертаций
|
| 610 |
1 |
|
|a труды учёных ТПУ
|
| 675 |
|
|
|a 661.84(04)
|v 4
|
| 686 |
|
|
|a 05.17.11
|2 oksvnk
|
| 700 |
|
1 |
|a Торопков
|b Н. Е.
|c химик-технолог
|c инженер Томского политехнического университета
|f 1992-
|g Никита Евгеньевич
|2 stltpush
|3 (RuTPU)RU\TPU\pers\45638
|
| 702 |
|
1 |
|a Петровская
|b Т. С.
|c химик-технолог
|c профессор Томского политехнического университета, доктор технических наук
|f 1954-
|g Татьяна Семёновна
|2 stltpush
|3 (RuTPU)RU\TPU\pers\24483
|4 727
|
| 712 |
0 |
2 |
|a Национальный исследовательский Томский политехнический университет
|c (2009- )
|2 stltpush
|3 (RuTPU)RU\TPU\col\15902
|9 26305
|
| 801 |
|
1 |
|a RU
|b 63413507
|c 20220311
|
| 801 |
|
2 |
|a RU
|b 63413507
|c 20220331
|g RCR
|
| 942 |
|
|
|c BK
|